000 00684nam a22002297a 4500
005 20170124105914.0
010 _aA-297052
020 _c80.00
035 _aA-297052
037 _bCen Lib/Ret
040 _aDPL
_bEN
082 _a347.2
_bRAO
100 _aRao, A.S. Ramachandra
_9106945
245 _aCommentries on Delhi apartment ownership act, 1986 /
_cby A.S. Ramachnadra Rao
260 _aLucknow
_bEastern Book Company
_c1987
270 _a34, Lalbagh
_bLucknow
_e226001
300 _aviii,380p.
_c23cm(Hb)
500 _aIncludes index
650 _aOwnership
_9106946
650 _aAssociation development
_9106947
942 _2ddc
_cEN
_h347.2
_mRAO
999 _c122704
_d122704